[Event "Titled Tuesday intern op 23rd Jan Late"]
[Site "Chess.com INT"]
[Date "2024.01.23"]
[Round "4"]
[White "Vlassov, Nikolai"]
[Black "Bodicky, Michal"]
[Result "1-0"]
[WhiteElo "2299"]
[BlackElo "2207"]
[PlyCount "47"]
[EventDate "2024.01.23"]
[EventType "swiss (blitz)"]
[EventRounds "11"]
[EventCountry "USA"]
[SourceTitle "CBM 218 Extra"]
[Source "ChessBase"]
[SourceDate "2024.03.31"]
[SourceVersion "1"]
[SourceVersionDate "2024.03.31"]
[SourceQuality "1"]

1. e4 c5 2. c3 Nf6 3. e5 Nd5 4. d4 cxd4 5. cxd4 d6 6. Bc4 e6 7. Nf3 Nc6 8. 0-0 Nb6 9. Bd3 Be7 10. Qe2 a6 11. Nc3 Nb4 12. Bb1 N4d5 13. Bd2 Nxc3 14. bxc3 dxe5 15. dxe5 Bd7 16. Nd4 Qc7 17. f4 g6 18. Be4 Rc8 19. Rab1 Nd5 20. Bxd5 exd5 21. f5 gxf5 22. e6 fxe6 23. Nxe6 Qc4 24. Qh5# 1-0

[Event "Titled Tuesday intern op 16th Jan Late"]
[Site "Chess.com INT"]
[Date "2024.01.16"]
[Round "2"]
[White "Baziuk, Vladyslav"]
[Black "Bodicky, Michal"]
[Result "1/2-1/2"]
[WhiteElo "2211"]
[BlackElo "2207"]
[PlyCount "102"]
[EventDate "2024.01.16"]
[EventType "swiss (blitz)"]
[EventRounds "11"]
[EventCountry "USA"]
[SourceTitle "CBM 218 Extra"]
[Source "ChessBase"]
[SourceDate "2024.03.31"]
[SourceVersion "1"]
[SourceVersionDate "2024.03.31"]
[SourceQuality "1"]

1. e4 c5 2. Nf3 d6 3. d4 cxd4 4. Nxd4 Nf6 5. Nc3 Nc6 6. Bg5 e6 7. Qd2 a6 8. 0-0-0 Bd7 9. Kb1 Be7 10. f3 Qc7 11. Be3 b5 12. Nxc6 Bxc6 13. g4 b4 14. Ne2 d5 15. e5 Nd7 16. Nd4 Nxe5 17. Be2 Nc4 18. Bxc4 dxc4 19. Nxc6 Qxc6 20. Bd4 0-0 21. Qe3 c3 22. b3 a5 23. a4 bxa3 24. Qxc3 Qxc3 25. Bxc3 a4 26. b4 Rab8 27. Rd4 Bf6 28. Rc4 Bxc3 29. Rxc3 Rxb4+ 30. Ka2 h5 31. h3 Rfb8 32. Kxa3 hxg4 33. hxg4 g6 34. Rd1 R8b7 35. Rc8+ Kg7 36. Ra8 Rf4 37. Rd3 Rc7 38. c3 Rfc4 39. Kb2 Rb7+ 40. Kc2 g5 41. Ra5 Kg6 42. Rd8 Rbc7 43. Rd3 R7c5 44. Ra7 Rc7 45. Ra5 Kf6 46. Ra6 R7c6 47. Ra5 R6c5 48. Ra6 Rc6 49. Ra5 R6c5 50. Ra7 Rc7 51. Ra5 R7c5 1/2-1/2